|
|
|
|
| LEADER |
00000nam0a2200000 4500 |
| 001 |
365581 |
| 005 |
20231102011810.0 |
| 035 |
|
|
|a (RuTPU)RU\TPU\retro\22944
|
| 090 |
|
|
|a 365581
|
| 100 |
|
|
|a 20220113d1981 km y0rusy50 ca
|
| 101 |
1 |
|
|a rus
|c ger
|
| 102 |
|
|
|a RU
|
| 105 |
|
|
|a a z 001zy
|
| 200 |
1 |
|
|a Методы теории массового обслуживания
|e пер. с нем.
|f Д. Кениг, Д. Штойян
|
| 210 |
|
|
|a Москва
|c Радио и связь
|d 1981
|
| 215 |
|
|
|a 128 с.
|c ил.
|
| 320 |
|
|
|a Библиогр.: с. 119-123
|
| 320 |
|
|
|a Предметный указатель: с. 124-125
|
| 320 |
|
|
|a Список обозначений: с. 116-118
|
| 606 |
1 |
|
|a Массового обслуживания теория
|2 stltpush
|3 (RuTPU)RU\TPU\subj\41145
|9 60962
|
| 610 |
1 |
|
|a понятия
|
| 610 |
1 |
|
|a цепи Маркова
|
| 610 |
1 |
|
|a метод фаз Эрланга
|
| 610 |
1 |
|
|a формализованные системы
|
| 610 |
1 |
|
|a уравнения состояния
|
| 610 |
1 |
|
|a стационарные вероятности
|
| 610 |
1 |
|
|a инвариантность
|
| 610 |
1 |
|
|a полумарковские процессы
|
| 610 |
1 |
|
|a метод Монте-Карло
|
| 610 |
1 |
|
|a моделирование
|
| 610 |
1 |
|
|a массовое обслуживание
|
| 675 |
|
|
|a 519.872
|v 4
|
| 700 |
|
1 |
|a Кениг
|b Д.
|g Дитер
|
| 701 |
|
1 |
|a Штойян
|b Д.
|g Дитрих
|
| 801 |
|
1 |
|a RU
|b 63413507
|c 20220113
|
| 942 |
|
|
|c BK
|